00457pab a2200157 454500008004000000100002000040245007700060260000900137300001500146362000800161650003200169650002000201650003000221650002200251773002600273180718b2015 xxu||||| |||| 00| 0 eng d aBagil, Supravat aIntensity and inequality multifaceted deprivation of the states in India c2015 ap.119-136. aDec aIncome distribution - India aPoverty - India aSocial inequality - India aSocial inequality aAsian Economic Review